00428cam a22001337a 4500008004000000082002400040100002300064245007400087250000800161260002500169300001800194500002900212650005300241180718b1970 xxu||||| |||| 00| 0 eng d aB7303x5422 M264 /70 aJain,Koshal Chndra aMadhya pradesh municipal manual in two volumescBy Koshal Chndra Jain a2nd aIndorebWadhwac1970 axxviii, 640p. aLibrary has two volumes. aMunicipal corporations -- Madhya Pradesh, India.